| 000 | 01044nac a22003131i 4500 | ||
|---|---|---|---|
| 003 | EG-ScBUE | ||
| 005 | 20240807110922.0 | ||
| 008 | 240807s2000 ua a f b 001 0 eng d | ||
| 020 | _a9774246160 | ||
| 035 | _a(DLC) 2002360710 | ||
| 040 |
_aEG-ScBUE _beng _erda _cEG-ScBUE _dEG-ScBUE |
||
| 043 | _af-ua--- | ||
| 082 | 0 | 4 |
_a932 _bSIL _222 |
| 100 | 1 |
_aSiliotti, Alberto, _eauthor. |
|
| 245 | 1 | 0 |
_aEgypt : _btemples, men and gods / _cAlberto Siliotti. |
| 264 | 1 |
_aCairo : _bThe American University in Cairo Press, _c2000. |
|
| 300 |
_a290 pages : _billustrations (some color) ; _c37 cm |
||
| 336 |
_2rdacontent _atext _btxt |
||
| 337 |
_aunmediated _2rdamedia _bn |
||
| 338 |
_avolume _bnc _2rdacarrier |
||
| 504 | _aIncludes bibliographical references and index. | ||
| 650 | 7 |
_aTemples _zEgypt. _2BUEsh |
|
| 650 | 7 |
_aArchitecture, Ancient _zEgypt. _2BUEsh |
|
| 651 | 7 |
_aEgypt _xHistory _yTo 332 B.C. _2BUEsh |
|
| 651 | 7 |
_aEgypt _xAntiquities. _2BUEsh |
|
| 651 | 7 |
_aEgypt _xReligion. _2BUEsh |
|
| 655 | _vReading book | ||
| 942 |
_cNB _2ddc |
||
| 999 |
_c2786 _d2786 |
||